Statistics for All Ween Songs

Click here to take the quiz!

General Stats

  • This quiz has been taken 4 times
  • The average score is 81 of 171

Answer Stats

HintAnswer% Correct
Pure GuavaI Saw Gener Cryin' in His Sleep
100%
Pure GuavaLittle Birdy
100%
The PodMononucleosis
100%
The PodPollo Asado
100%
Pure GuavaPush th' Little Daisies
100%
Pure GuavaReggaejunkiejew
100%
Pure GuavaSarah
100%
The PodThe Stallion (Pt. 1)
100%
The PodThe Stallion (Pt. 2)
100%
Pure GuavaThe Stallion (Pt. 3)
100%
GodWeenSatan: The OnenessYou Fucked Up
100%
Chocolate and CheeseBaby Bitch
75%
White PepperBananas and Blow
75%
Pure GuavaBig Jilm
75%
GodWeenSatan: The OnenessBirthday Boy
75%
The MolluskBuckingham Green
75%
Chocolate and CheeseBuenas Tardes Amigo
75%
GodWeenSatan: The OnenessBumblebee
75%
GodWeenSatan: The OnenessBumblebee Part 2
75%
QuebecCaptain
75%
QuebecChocolate Town
75%
The PodDr. Rock
75%
Chocolate and CheeseFreedom of '76
75%
White PepperIce Castles
75%
GodWeenSatan: The OnenessI Gots a Weasel
75%
12 Golden Country GreatsI'm Holding You
75%
Pure GuavaI Play It Off Legit
75%
12 Golden Country GreatsJapanese Cowboy
75%
GodWeenSatan: The OnenessMarble Tulip Juicy Tree
75%
Chocolate and CheeseMister, Would You Please Help My Pony?
75%
Pure GuavaMourning Glory
75%
GodWeenSatan: The OnenessNever Squeal
75%
The MolluskOcean Man
75%
12 Golden Country GreatsPiss Up a Rope
75%
The PodPork Roll Egg and Cheese
75%
Pure GuavaPumpin' 4 the Man
75%
The PodShe Fucks Me
75%
The PodStrap on That Jammy Pac
75%
White PepperStroker Ace
75%
Chocolate and CheeseTake Me Away
75%
Pure GuavaTender Situation
75%
The MolluskThe Blarney Stone
75%
The MolluskThe Mollusk
75%
GodWeenSatan: The OnenessTick
75%
GodWeenSatan: The OnenessWayne's Pet Youngin'
75%
QuebecZoloft
75%
The PodAwesome Sound
50%
La CucarachaBlue Balloon
50%
The PodBoing
50%
Chocolate and CheeseCandi
50%
The PodCaptain Fantasy
50%
GodWeenSatan: The OnenessCold and Wet
50%
The MolluskCold Blows the Wind
50%
GodWeenSatan: The OnenessCommon Bitch
50%
The PodDemon Sweat
50%
Pure GuavaDon't Get 2 Close (2 My Fantasy)
50%
GodWeenSatan: The OnenessDon't Laugh (I Love You)
50%
Chocolate and CheeseDon't Shit Where You Eat
50%
Chocolate and CheeseDrifter in the Dark
50%
White PepperEven If You Don't
50%
White PepperExactly Where I'm At
50%
White PepperFalling Out
50%
GodWeenSatan: The OnenessFat Lenny
50%
La CucarachaFiesta
50%
12 Golden Country GreatsFluffy
50%
The PodFrank
50%
La Cucaracha | The Friends EPFriends
50%
Shinola Vol. 1Gabrielle
50%
QuebecHappy Colored Marbles
50%
12 Golden Country GreatsHelp Me Scrape the Mucus off My Brain
50%
Pure GuavaHey Fat Boy (Asshole)
50%
QuebecHey There Fancypants
50%
GodWeenSatan: The OnenessHippy Smell
50%
QuebecIf You Could Save Yourself (You'd Save Us All)
50%
The MolluskI'm Dancing in the Show Tonight
50%
GodWeenSatan: The OnenessI'm in the Mood to Move
50%
QuebecIt's Gonna Be A Long Night
50%
The MolluskIt's Gonna Be (Alright)
50%
Chocolate and CheeseJoppa Road
50%
The PodLaura
50%
GodWeenSatan: The OnenessLicking the Palm for Guava
50%
12 Golden Country GreatsMister Richard Smoker
50%
The PodMolly
50%
GodWeenSatan: The OnenessMushroom Festival in Hell
50%
The MolluskMutilated Lips
50%
GodWeenSatan: The OnenessNicole
50%
The PodOh My Dear (Falling in Love)
50%
GodWeenSatan: The OnenessOld Queen Cole
50%
White PepperPandy Fackler
50%
GodWeenSatan: The OnenessPapa Zit
50%
The MolluskPink Eye (On My Leg)
50%
The MolluskPolka Dot Tail
50%
Pure GuavaPoop Ship Destroyer
50%
12 Golden Country GreatsPretty Girl
50%
GodWeenSatan: The OnenessPuffy Cloud
50%
Chocolate and CheeseRoses are Free
50%
QuebecSo Many People in the Neighborhood
50%
The PodSorry Charlie
50%
Chocolate and CheeseSpinal Meningitis (Got Me Down)
50%
Pure GuavaSpringtheme
50%
Shinola Vol. 1Tastes Good on th' Bun
50%
QuebecThe Fucked Jam
50%
Pure GuavaThe Goin' Gets Tough From the Getgo
50%
The MolluskThe Golden Eel
50%
White PepperThe Grobe
50%
Chocolate and CheeseThe HIV Song
50%
QuebecTransdermal Celebration
50%
QuebecTried and True
50%
GodWeenSatan: The OnenessUp on the Hill
50%
Chocolate and CheeseVoodoo Lady
50%
The MolluskWaving My Dick in the Wind
50%
Chocolate and CheeseWhat Deaner Was Talkin' About
50%
La CucarachaYour Party
50%
QuebecAlcan Road
25%
The PodAlone
25%
QuebecAmong His Tribe
25%
Chocolate and CheeseA Tear for Eddie
25%
La Cucaracha (Bonus)Bag of Fat
25%
GodWeenSatan: The OnenessBlackjack
25%
The PodCan U Taste the Waste?
25%
Shinola Vol. 1Did You See Me?
25%
The PodDon't Sweat It
25%
GodWeenSatan: The OnenessEl Camino
25%
Pure GuavaFlies on My Dick
25%
Chocolate and CheeseI Can't Put My Finger on It
25%
12 Golden Country GreatsI Don't Wanna Leave You on the Farm
25%
QuebecI Don't Want It
25%
Shinola Vol. 1I Fell in Love Today
25%
The MolluskI'll Be Your Jonny on the Spot
25%
La CucarachaLearnin' to Love
25%
GodWeenSatan: The OnenessL.M.L.Y.P.
25%
Pure GuavaLoving U Thru it All
25%
Shinola Vol. 1Monique the Freak
25%
The PodMoving Away
25%
GodWeenSatan: The OnenessNan
25%
La CucarachaObject
25%
GodWeenSatan: The OnenessOld Man Thunder
25%
Quebec (Bonus)Ooh Vah La
25%
12 Golden Country GreatsPowder Blue
25%
The PodRight to the Ways and the Rules of the World
25%
The MolluskShe Wanted to Leave
25%
The PodSketches of Winkle
25%
Shinola Vol. 1Someday
25%
GodWeenSatan: The OnenessSquelch the Weasel
25%
GodWeenSatan: The OnenessStacey
25%
White PepperStay Forever
25%
QuebecThe Argus
25%
Pure GuavaTouch My Tooter
25%
Shinola Vol. 1Transitions
25%
White Pepper (Bonus)Who Dat?
25%
La CucarachaWoman and Man
25%
White PepperBack to Basom
0%
Shinola Vol. 1Big Fat Fuck
0%
Shinola Vol. 1Boys Club
0%
White PepperFlutes of Chi
0%
Shinola Vol. 1How High Can You Fly?
0%
The Friends EPI Got to Put the Hammer Down
0%
Shinola Vol. 1Israel
0%
The Friends EPKing Billy
0%
The Friends EPLight Me Up
0%
La CucarachaLullaby
0%
La CucarachaMy Own Bare Hands
0%
La CucarachaShamemaker
0%
White PepperShe's Your Baby
0%
The Friends EPSlow Down Boy
0%
La CucarachaSpirit Walker
0%
La CucarachaSweetheart
0%
La CucarachaThe Fruit Man
0%
Shinola Vol. 1The Rift
0%
12 Golden Country GreatsYou Were the Fool
0%

Score Distribution

Percentile by Number Answered

Percent of People with Each Score

Your Score History

You have not taken this quiz